| 000 | 00538cam a2200193ua 4500 | ||
|---|---|---|---|
| 020 | _c50.00 | ||
| 041 |
_aeng _h |
||
| 082 |
_a028.71621 _bTAN/HA |
||
| 100 | _aTaneja, D S . | ||
| 245 |
_aHandbook of Indian pumps for irrigation-salient features and performances / _cD S Taneja. _hTextual Documents |
||
| 250 |
_a1 / _b. |
||
| 260 |
_aNewdelhi : _bIndian society of agricultural engineers , _c1988. |
||
| 300 | _a287 ; . | ||
| 365 | _a50.00 | ||
| 504 | _a | ||
| 700 | 1 | _aSondhi, S K . | |
| 942 | _cBK | ||
| 999 |
_c7088 _d7088 |
||